| 000 | 01234 a2200229 4500 | ||
|---|---|---|---|
| 003 | Nust | ||
| 005 | 20221129145600.0 | ||
| 010 | _a 98035333 | ||
| 020 | _a0750696559 (pbk. : alk. paper) | ||
| 040 | _cNust | ||
| 082 | 0 | 0 | _a621.3815,LEN |
| 100 | 1 |
_aLenk, John D. _957741 |
|
| 245 | 1 | 0 |
_aSimplified design of filter circuits / _cJohn D. Lenk. |
| 260 |
_aBoston : _bNewnes, _cc1999. |
||
| 300 |
_axiii, 224 p. : _bill. ; _c24 cm. |
||
| 440 | 0 |
_aEDN series for design engineers _9103789 |
|
| 505 | _aIntroduction To Electronic Filters (Page-1), Typical Switched Capacitor Filter (Page-27), Continuous Lowpass Filters (Page-47), Zero DC-Error Lowpass Filters (Page-65), General Purpose Lowpass Filters (Page-91), General Purpose Elliptic Lowpass Filters (Page-101), Tabular Design Of Bandpass Filters (Page-113), Practical Considerations For Switched Capacitor Filters (Page-129), Active RC Filters Using Current-Feedback Amplifiers (Page-155), Simplified Design Examples (Page-169). | ||
| 650 | 0 | _aTelecommunication engineering | |
| 856 | 4 | 2 |
_3Publisher description _uhttp://www.loc.gov/catdir/description/els033/98035333.html |
| 856 | 4 | 2 |
_3Table of contents _uhttp://www.loc.gov/catdir/toc/els032/98035333.html |
| 942 |
_2ddc _cBK |
||
| 999 |
_c182186 _d182186 |
||